00434cam a2200157ua 45000010005000000080039000050400009000440820011000531000028000642450062000922500009001542600032001633000022001956530014002176530045002312302110805n ii |||gr||||Z||||||eng cMAIN a370.54 aChaube, S. P.,eAuthor.1 aHistory and problems of indian educationcby S. P. Chaube a1st. aAgra:bVinod Pustak mandir. aiii; 372p:c23cm. aEducation aHistory and problems of indian education